000 00288nam a22001337a 4500
008 180813b xxu||||| |||| 00| 0 eng d
020 _a9781938922800
041 _aeng
080 _a7
100 _a44
101 _aART
245 _aAN UNCOMMON ARCHIVE
_cRUSSO/J
942 _2udc
_cBK
999 _c47036
_d47036